Les 20 pays au taux de suicide le plus haut - Statistiques

Statistiques générales
  • Ce quiz a été pris 265 fois
  • Le résultat moyen est 7 sur 20
Statistiques - réponses
# Taux pour 100.000 habitants Pays % Correct
19 16.6 France
95%
9 21.4 Russie
88%
17 17.4 Japon
86%
2 27.5 Corée du Sud
74%
10 21.2 Ukraine
57%
15 18.4 Belgique
50%
6 22.3 Afrique du sud
37%
20 16.6 Thaïlande
31%
14 18.5 Mongolie
25%
8 22.1 Lituanie
22%
13 18.9 Slovénie
18%
5 24.8 Uruguay
14%
1 28.7 Lesotho
12%
3 27.2 Eswatini
10%
7 22.3 Suriname
9%
4 24.8 Guyana
8%
16 17.5 Kiribati
7%
18 17.3 Zimbabwe
7%
12 19.6 Iles Salomon
5%
11 19.8 Micronésie
5%
Aucun quiz correspondant
Distribution des résultats
% des personnes avec chaque résultat
Percentile par nombre de réponses
Votre historique - résultats
Vous n’avez pas pris ce quiz